Guia de la premsa local i comarcal : Alt Camp, Baix Camp, Baix Ebre, Baix Penedès, Conca de Barberà, Montsià, Priorat, Ribera d'Ebre, Tarragonès, Terra Alta / Direcció General de Mitjans de Comunicació Alt Camp, Baix Camp, Baix Ebre, Baix Penedès, Conca de Barberà, Montsià, Priorat, Ribera d'Ebre, Tarragonès, Terra Alta / Direcció General de Mitjans de Comunicació
Publicado:
Barcelona :
Departament de Cultura i Mitjans de Comunicació. Generalitat de Catalunya ,
1982
Descripción Física:
71 p. : il. ; 23 cm
MARC
| LEADER | 00000nam a2200000Ia 4500 | ||
|---|---|---|---|
| 001 | 1413 | ||
| 008 | 160829s1982 xx 000 0 cat d | ||
| 080 | |a O-1-51 | ||
| 245 | |a Guia de la premsa local i comarcal : |b Alt Camp, Baix Camp, Baix Ebre, Baix Penedès, Conca de Barberà, Montsià, Priorat, Ribera d'Ebre, Tarragonès, Terra Alta / Direcció General de Mitjans de Comunicació | ||
| 260 | |a Barcelona : |b Departament de Cultura i Mitjans de Comunicació. Generalitat de Catalunya, |c 1982 | ||
| 300 | |a 71 p. : |b il. ; |c 23 cm | ||
| 650 | |a Premsa |x Tarragona (Província) |x Directoris |9 22028 | ||
| 710 | 1 | |a Catalunya. |b Departament de Cultura i Mitjans de Comunicació |9 55890 | |
| 901 | |a Arxiu | ||
| 942 | |n 1 | ||
| 952 | |0 0 |1 0 |4 0 |6 O151 |7 1 |9 42009 |a Arxiu |b Arxiu |d 2016-12-01 |l 0 |o O-1-51 |p 1413 |r 2016-12-01 00:00:00 |w 2016-12-01 |y ARXIU | ||
| 999 | |c 44456 |d 44456 | ||